000 00816nam a22002417a 4500
999 _c18299
_d18299
003 AR-CdUCM
008 190513b ||||| |||| 00| 0 spa d
040 _aMUNICIPALIDAD PROVINCIAL DEL CUSCO
_cBIBLIOTECA MUNICIPAL DEL CUSCO
041 _hfre
082 _a624 /
_bM27
100 _aMassonnet, Ch.
_938809
245 _aCalculo plástico de las construcciones /
260 _aBarcelona :
_bMontaner y Simon,
_c1966.
300 _aXVIII, 470 páginas ;
_bilustraciones, figuras, gráficos,
_c22.5 cm.
505 _aContenido: t.2: Estructuras Espaciales.
650 _aEstructuras
_919977
650 _aConstrucción
_94996
650 _aPlástico
_928827
700 _aSave, M. (coautor)
_938810
700 _aIbáñez Morlán, Luis (traducción)
_938811
942 _2ddc
_cLIBROS
945 _aachl
_d2019-05-13